ბათუმის შოთა რუსთაველის სახელმწიფო უნივერსიტეტის ბიბლიოთეკა

BD Chaurasia's Human Anatomy Regional and Applied Dissection and Clinicaln : (ბიბ.ჩანაწერი № 53893)

000 -LEADER
fixed length control field 00919nam a2200265Ia 4500
001 - CONTROL NUMBER
control field 20944
003 - CONTROL NUMBER IDENTIFIER
control field GE_BSU
005 - DATE AND TIME OF LATEST TRANSACTION
control field 20210629182114.0
008 - FIXED-LENGTH DATA ELEMENTS--GENERAL INFORMATION
fixed length control field 181216s2016||||enk|||||||||||||| ||eng||
020 ## - INTERNATIONAL STANDARD BOOK NUMBER
International Standard Book Number 9789385915468
040 ## - CATALOGING SOURCE
Transcribing agency GE_BSU
041 ## - LANGUAGE CODE
Language code of text/sound track or separate title eng
080 ## - UNIVERSAL DECIMAL CLASSIFICATION NUMBER
Universal Decimal Classification number 611(084.4) BD-13
245 ## - TITLE STATEMENT
Title BD Chaurasia's Human Anatomy Regional and Applied Dissection and Clinicaln :
Remainder of title Volume 1 Upper Limb Thorax /
Statement of responsibility, etc. Chief Editor Krishna Garg.
250 ## - EDITION STATEMENT
Edition statement Seventh edition
264 ## - PRODUCTION, PUBLICATION, DISTRIBUTION, MANUFACTURE, AND COPYRIGHT NOTICE
Place of production, publication, distribution, manufacture New Delhi :
Name of producer, publisher, distributor, manufacturer CBS Publishers &Distributors Pvt Ltd,
Date of production, publication, distribution, manufacture, or copyright notice 2016.
300 ## - PHYSICAL DESCRIPTION
Extent 328 p. :
Other physical details ill. ;
Dimensions 28 cm.
Accompanying material +1CD-Rom Volume 1
653 ## - INDEX TERM--UNCONTROLLED
keyword BD Chaurasia's Human Anatomy:
653 ## - INDEX TERM--UNCONTROLLED
keyword Regional and Applied Dissection and Clinicaln
653 ## - INDEX TERM--UNCONTROLLED
keyword ადამიანის ანატომია
653 ## - INDEX TERM--UNCONTROLLED
keyword მედიცინა
700 ## - ADDED ENTRY--PERSONAL NAME
Personal name Garg, Krishna
Relator term Chief Editor
9 (RLIN) 9472
942 ## - ADDED ENTRY ELEMENTS (KOHA)
Koha item type წიგნი
Source of classification or shelving scheme
ეგზემპლარები
Withdrawn status Lost status Source of classification or shelving scheme Damaged status Not for loan Permanent Location Current Location Shelving location Date acquired Cost, normal purchase price Full call number Barcode Date last seen Copy number Price effective from Koha item type Public note
          ბათუმის შოთა რუსთაველის სახელმწიფო უნივერსიტეტის მთავარი ბიბლიოთეკა ბათუმის შოთა რუსთაველის სახელმწიფო უნივერსიტეტის მთავარი ბიბლიოთეკა წიგნსაცავი 2018-12-17 89.25 611(084.4) BD-13 54647 2018-12-17 54647 2018-12-17 წიგნი 89.25 GEL.
          ბათუმის შოთა რუსთაველის სახელმწიფო უნივერსიტეტის მთავარი ბიბლიოთეკა ბათუმის შოთა რუსთაველის სახელმწიფო უნივერსიტეტის მთავარი ბიბლიოთეკა წიგნსაცავი 2018-12-17 89.25 611(084.4) BD-13 54648 2018-12-17 54648 2018-12-17 წიგნი 89.25 GEL.
          ბათუმის შოთა რუსთაველის სახელმწიფო უნივერსიტეტის მთავარი ბიბლიოთეკა ბათუმის შოთა რუსთაველის სახელმწიფო უნივერსიტეტის მთავარი ბიბლიოთეკა წიგნსაცავი 2018-12-17 89.25 611(084.4) BD-13 54649 2018-12-17 54649 2018-12-17 წიგნი 89.25 GEL.
          ბათუმის შოთა რუსთაველის სახელმწიფო უნივერსიტეტის მთავარი ბიბლიოთეკა ბათუმის შოთა რუსთაველის სახელმწიფო უნივერსიტეტის მთავარი ბიბლიოთეკა წიგნსაცავი 2018-12-17 89.25 611(084.4) BD-13 55211 2018-12-17 55211 2018-12-17 წიგნი 89.25 GEL.
          ბათუმის შოთა რუსთაველის სახელმწიფო უნივერსიტეტის მთავარი ბიბლიოთეკა ბათუმის შოთა რუსთაველის სახელმწიფო უნივერსიტეტის მთავარი ბიბლიოთეკა წიგნსაცავი 2018-12-17 89.25 611(084.4) BD-13 55212 2018-12-17 55212 2018-12-17 წიგნი 89.25 GEL.
          ბათუმის შოთა რუსთაველის სახელმწიფო უნივერსიტეტის მთავარი ბიბლიოთეკა ბათუმის შოთა რუსთაველის სახელმწიფო უნივერსიტეტის მთავარი ბიბლიოთეკა წიგნსაცავი 2022-04-27 20.00 611(084.4) BD-13 62339 2022-04-27 62339 2022-04-27 წიგნი 20.00